[Event "17th Delhi GM Open 2019"]
[Site "Delhi"]
[Date "2019.01.12"]
[Round "5"]
[White "Erigaisi Arjun"]
[Black "Mohammad Nubairshah Shaikh"]
[Result "1/2-1/2"]
[WhiteElo "2548"]
[BlackElo "2437"]
[Annotator "TA"]
[PlyCount "108"]
[EventDate "2019.01.09"]
[EventType "swiss"]
[EventCountry "IND"]
[SourceTitle "playchess.com"]
[Source "ChessBase"]
[SourceQuality "1"]

{[%evp 18,108,30,18,63,28,53,41,51,45,60,57,64,58,62,53,60,43,76,64,70,60,77,57,55,60,56,66,119,89,72,64,66,66,129,129,119,121,117,87,87,79,79,79,79,79,79,79,60,63,63,74,49,49,78,24,24,24,24,24,37,0,0,0,10,2,2,10,6,0,0,0,0,0,0,0,0,0,0,0,0,0,0,0,0,0,0,0,0,0,0,0,0]} 1. Nf3 Nf6 2. c4 g6 3. g3 Bg7 4. Bg2 c6 5. d4 d5 6. b3 O-O 7. O-O c5 8. Bb2 {D78: Fianchetto Grünfeld: 6 0-0 c6} (8. Na3 cxd4 9. Nxd4 e5 10. Nf3 Nc6 11. cxd5 Nxd5 12. Bb2 Re8 13. e4 Ndb4 14. Nc4 Bg4 15. h3 Bxf3 16. Bxf3 {0-1 (24) Dreev,A (2649)-Jones,G (2677) chess.com INT 2018}) 8... Nc6 9. Nbd2 cxd4 10. Nxd4 {LiveBook: 5 Games. White has an edge.} Bg4 $146 ({Predecessor:} 10... Nxd4 11. Bxd4 Be6 12. Rc1 Qd7 13. e3 Rfd8 14. c5 Bh3 15. Nf3 Bxg2 16. Kxg2 {1-0 (53) Triapishko,O (2466)-Korniushin,N (2348) Kolomna 2016}) 11. Rc1 Qd7 12. N2f3 Bxf3 13. Bxf3 Ne5 14. Bg2 dxc4 15. bxc4 {[%cal Bb3c4,Bc4c5][%mdl 32]} Rac8 16. Qb3 Nc6 17. Rfd1 Qc7 18. c5 Rfd8 19. e3 h5 20. Bh3 $36 {[%mdl 2048] White fights for an advantage.} Nxd4 21. Bxd4 e6 22. Bg2 Rb8 (22... Nd5 $14) 23. Qa3 (23. Qb2 {feels hotter.} Ne8 24. Bxg7 Rxd1+ 25. Rxd1 Nxg7 26. Qb5) 23... Nd5 24. Bxd5 Rxd5 25. Bxg7 Kxg7 (25... Rxd1+ $1 $14 26. Rxd1 Kxg7) 26. Rxd5 $16 exd5 27. Qxa7 {[%mdl 4096] Endgame Hoping for Rb1. KQR-KQR} Rc8 28. Qa4 Qc6 29. Qd4+ Kg8 30. Rb1 Qxc5 31. Qxc5 Rxc5 32. Rxb7 {KR-KR} Ra5 33. Rb2 Kg7 34. Kf1 Kf6 35. Ke2 Ra3 36. h4 (36. Rd2 $16) 36... Ke5 $11 37. Rd2 f6 38. Kf3 g5 39. Rb2 gxh4 {The position is equal.} 40. gxh4 Ra4 41. Kg3 Rg4+ 42. Kh3 Ra4 43. Rd2 Ra3 44. Kg3 f5 45. Re2 Ra4 46. f3 Ra7 47. Rd2 Ra3 48. Re2 Ra7 49. Rd2 Ra3 50. Kf2 f4 51. exf4+ Kxf4 52. Ke2 Re3+ 53. Kd1 Rxf3 54. Rxd5 Ra3 {Precision: White = 72%, Black = 70%.} 1/2-1/2

[Event "17th Delhi GM Open 2019"]
[Site "Delhi"]
[Date "2019.01.12"]
[Round "5"]
[White "Deepan Chakkravarthy J."]
[Black "Gusain, Himal"]
[Result "1-0"]
[WhiteElo "2543"]
[BlackElo "2371"]
[Annotator "TA"]
[PlyCount "127"]
[EventDate "2019.01.09"]
[EventType "swiss"]
[EventCountry "IND"]
[SourceTitle "playchess.com"]
[Source "ChessBase"]
[SourceQuality "1"]

{[%evp 11,127,39,44,25,33,32,38,7,12,0,0,17,16,0,9,8,27,27,33,8,8,10,20,0,0,0,53,54,58,30,53,25,69,53,53,53,53,53,61,62,84,87,152,100,192,204,254,270,271,0,246,0,288,286,290,290,290,290,290,286,286,286,260,252,348,348,348,334,469,469,469,469,469,460,469,469,469,466,433,447,425,412,6046,5613,5477,5397,29958,2508,29969,29968,29960,29963,29937,29953,11378,6616,6418,4184,29979,29980,29980,29980,29981,29982,29982,29983,29983,29984,29985,29986,29986,29987,29988,29989,29989,29989,29991,29981]} 1. e3 f5 2. c4 Nf6 3. Nc3 d6 4. g3 e5 5. Bg2 Nc6 6. Nge2 g6 {LiveBook: 24 Games. A25: English Opening vs King's Indian with ...Nc6 but without early d3} 7. Rb1 (7. O-O Bg7 8. d3 O-O 9. Rb1 a5 10. a3 Be6 11. Nd5 g5 12. f4 h6 13. Kh1 Kh8 14. Nec3 gxf4 15. exf4 Nd4 16. Nxf6 Qxf6 17. Bxb7 Rab8 18. Bg2 Qg6 19. Be3 {1-0 (31) Vidit,S (2689)-Amin,B (2662) Doha 2016}) 7... a5 8. d4 Bg7 {White is slightly better.} 9. Bxc6+ $146 ({Predecessor:} 9. O-O O-O 10. a3 Ne7 11. b4 axb4 12. axb4 c6 13. b5 Be6 14. Qb3 e4 {½-½ (22) Krush,I (2486)-Mulyar,M (2410) New York 2011}) 9... bxc6 10. dxe5 dxe5 11. Qxd8+ Kxd8 12. b3 Nd7 13. Na4 Nb6 14. Nec3 e4 15. Ke2 Bxc3 16. Nxc3 a4 17. h4 axb3 18. axb3 h5 (18... Ke7 $11) 19. Bb2 $14 {aiming for Nxe4!} Re8 20. Kd2 Ke7 21. Ne2 Nd7 22. Ra1 Bb7 $1 23. Nf4 $36 {[%mdl 2048] White fights for an advantage.} Kf7 24. Kc2 Nc5 25. Rhd1 Rxa1 26. Rxa1 Na6 ({Better is} 26... Ra8) 27. Bc3 (27. Kc3 $142) 27... Rd8 {[#]} (27... c5 $16) 28. b4 $1 $18 Rd7 29. Kb3 Rd8 30. Kc2 Rd7 $1 31. Kb3 Rd8 32. Bd4 Ra8 {intending ...c5.} 33. Ra5 Nb8 34. Rxa8 Bxa8 {[%mdl 4096] Endgame KBN-KBN} 35. Be5 Na6 36. Ka4 Bb7 37. Ka5 Nb8 38. Bxc7 Nd7 39. Bd6 Kf6 (39... Bc8 $142 40. b5 cxb5) 40. Bc5 Bc8 41. Bd4+ Kf7 42. b5 cxb5 43. Kxb5 Nf8 44. c5 Ne6 {Black hopes to continue with ...Nxf4.} 45. Nd5 g5 46. Nb6 Nxd4+ (46... Bb7 $142 47. c6 Nc7+ 48. Kc5 Ba6 49. hxg5 Ne6+ 50. Kd6 Nxg5) 47. exd4 {KB-KN} f4 48. gxf4 gxf4 49. Nd5 (49. Nxc8 $142 e3 50. Nd6+ Kg8 51. fxe3 fxe3 52. c6 e2 53. c7 Kg7 54. c8=Q) 49... e3 50. fxe3 f3 51. e4 f2 52. Ne3 Bh3 53. c6 Ke7 54. Kc5 f1=Q 55. Nxf1 {White mates.} Bxf1 {KB-KP} 56. d5 Kd8 57. Kd6 Bh3 58. e5 {[%cal Be4e5,Be5e6][%mdl 32]} Bf5 59. e6 Be4 60. c7+ Kc8 61. Ke5 Bxd5 62. Kxd5 Kxc7 63. Ke5 Kd8 64. Ke4 {Accuracy: White = 62%, Black = 44%.} 1-0

[Event "17th Delhi GM Open 2019"]
[Site "Delhi"]
[Date "2019.01.12"]
[Round "5"]
[White "Ghaem Maghami, Ehsan"]
[Black "Ghosh, Diptayan"]
[Result "1/2-1/2"]
[WhiteElo "2533"]
[BlackElo "2544"]
[Annotator "TA"]
[PlyCount "38"]
[EventDate "2019.01.09"]
[EventType "swiss"]
[EventCountry "IND"]
[SourceTitle "playchess.com"]
[Source "ChessBase"]
[SourceQuality "1"]

{[%evp 10,38,14,11,22,21,20,13,13,4,11,6,27,4,24,2,19,23,29,20,21,0,0,-8,0,-12,41,0,39,39,43]} 1. Nf3 Nf6 2. c4 e6 3. d4 b6 4. a3 Bb7 5. Bf4 d5 (5... Be7 6. Nc3 Ne4 7. Nxe4 Bxe4 8. e3 d6 9. Bd3 Bxd3 10. Qxd3 Nd7 11. O-O-O c5 12. Kb1 Rc8 13. Rc1 cxd4 14. exd4 Nf6 15. Bg5 O-O 16. d5 {½-½ (34) Mamedyarov,S (2820)-Ivanchuk,V (2710) Batumi 2018}) 6. e3 {LiveBook: 3 Games. E12: Queen's Indian: Unusual White 4th moves, 4 a3, 4 Nc3 Bb7 5 a3 and 4 Nc3 Bb7} dxc4 7. Bxc4 Bd6 8. Bg5 {The position is equal.} Nbd7 9. Nc3 h6 10. Bh4 O-O 11. O-O c5 $146 ({Predecessor:} 11... Qe7 12. Re1 c5 {0-1 (36) Hayashi,K (1727)-Vieito Soria,L (1903) ICCF email 2009}) 12. dxc5 Bxc5 13. Qe2 Qb8 14. Rfd1 Bd6 15. Ba6 {[#] And now Bxb7 would win.} Bxf3 16. Qxf3 Bxh2+ 17. Kh1 {Threatens to win with Bxf6.} g5 (17... Be5 $11) 18. Bb7 (18. Bb5 $5 {[%cal Rb5d7]} Qc7 19. Bxd7 Nxd7 20. Ne4 $11) 18... Ne5 19. Qxf6 Qxb7 {Accuracy: White = 53%, Black = 42%.} 1/2-1/2

[Event "17th Delhi GM Open 2019"]
[Site "Delhi"]
[Date "2019.01.12"]
[Round "5"]
[White "Visakh N R"]
[Black "Gajwa Ankit"]
[Result "1/2-1/2"]
[WhiteElo "2486"]
[BlackElo "2263"]
[Annotator "TA"]
[PlyCount "57"]
[EventDate "2019.01.09"]
[EventType "swiss"]
[EventCountry "IND"]
[SourceTitle "playchess.com"]
[Source "ChessBase"]
[SourceQuality "1"]

{[%evp 18,57,27,0,18,11,23,-20,22,-8,16,18,17,-20,-14,-14,-27,-43,-48,-41,-42,-43,-33,-44,-46,-46,-43,-54,-52,-93,56,0,0,-87,-39,-60,-50,-65,-55,-53,-61,-83]} 1. d4 d5 2. c4 c6 3. Nf3 Nf6 4. e3 Bf5 5. Nc3 a6 6. Qb3 Ra7 {D15: Slav Defence: 4 Nc3 a6 and gambit lines after 4 Nc3 dxc4} (6... b5 7. c5 a5 8. Nh4 Bc8 9. f4 g6 10. Bd3 Nh5 11. Nf3 Bf5 12. e4 a4 13. Qc2 dxe4 14. Bxe4 Bxe4 15. Nxe4 {0-1 (53) Gelfand,B (2703)-Grandelius,N (2655) Batumi 2018}) 7. a4 e6 8. a5 Nbd7 9. Nh4 Be4 10. cxd5 {LiveBook: 5 Games} cxd5 11. f3 Bg6 $1 12. g4 $146 ({Predecessor:} 12. Be2 Nb8 13. Qb6 Nc6 14. Qxd8+ Kxd8 15. Nxg6 hxg6 {0-1 (43) Kveinys,A (2520)-Vernay,C (2501) Chartres 2017}) 12... Bd6 13. Be2 Ng8 {[%cal Bf6g8,Bg8e7,Be7c6][%mdl 32]} 14. Nxg6 hxg6 15. h3 Ne7 16. e4 $1 Nc6 $36 {[%mdl 2048] White is under pressure.} 17. Be3 Nxa5 18. Qa2 Nc6 19. exd5 Nb4 20. Qb3 Nxd5 $1 21. Nxd5 exd5 22. Qxd5 Nf6 23. Qb3 Nd7 (23... O-O $17 24. Bf2 Nd5) 24. Qd5 (24. Kf1 $14) 24... Nf6 $17 25. Qb3 $1 Nd5 26. Bd2 {next Bc4 is good for White.Black is slightly better.} O-O 27. O-O-O Bf4 28. Kb1 b5 29. Bd3 {Accuracy: White = 38%, Black = 59%.} 1/2-1/2

[Event "17th Delhi GM Open 2019"]
[Site "Delhi"]
[Date "2019.01.12"]
[Round "5"]
[White "Harsha Bharathakoti"]
[Black "Sangma, Rahul"]
[Result "1-0"]
[WhiteElo "2481"]
[BlackElo "2298"]
[Annotator "TA"]
[PlyCount "63"]
[EventDate "2019.01.09"]
[EventType "swiss"]
[EventCountry "IND"]
[SourceTitle "playchess.com"]
[Source "ChessBase"]
[SourceQuality "1"]

{[%evp 23,63,29,29,35,50,16,42,56,68,79,87,74,80,85,85,85,92,86,87,69,179,197,333,359,593,597,732,742,760,743,788,739,1141,1095,1330,1327,1175,819,780,716,677,648]} 1. d4 Nf6 2. c4 e6 3. Nf3 Bb4+ 4. Nbd2 d6 5. a3 Bxd2+ 6. Qxd2 b6 7. e3 Bb7 8. Be2 a5 9. b3 O-O 10. Bb2 Nbd7 11. O-O Qe7 12. Qc2 {E14: Queen's Indian: Classical Variation (4 e3)} e5 {LiveBook: 3 Games} (12... c5 13. Rfd1 Rfd8 14. Qc3 Ne4 15. Qe1 h6 16. Nd2 Nef6 17. Nb1 cxd4 18. exd4 e5 19. Bf1 e4 {1-0 (64) Wojtaszek,R (2742)-Moiseenko,A (2698) Germany 2015}) 13. Rfe1 h6 $146 ({Predecessor:} 13... Ne4 14. b4 Ng5 15. Nxg5 Qxg5 16. g3 axb4 17. axb4 Qe7 18. d5 c6 19. e4 c5 {½-½ (38) Baranowski,T (2483)-Poleshchuk,N (2412) ICCF email 2009}) 14. d5 {White is slightly better.} Nh7 15. Bd3 g6 16. e4 Nc5 17. Bf1 a4 18. b4 Nb3 19. Rad1 Bc8 20. Nd2 Nxd2 21. Rxd2 f5 {[#]} ({Black should play} 21... g5 $14) 22. f4 $1 $18 {[%mdl 512]} exf4 (22... Nf6 $142 23. fxe5 dxe5) 23. e5 dxe5 $2 (23... Qh4) 24. Rxe5 {White is clearly winning.} Qg5 25. Qc3 Nf6 26. Re7 Rf7 {[#]} 27. Re8+ $3 {[%mdl 512]} Kg7 (27... Nxe8 28. Qh8#) 28. d6 cxd6 29. Rxd6 Bb7 {[#]} 30. Rxf6 $1 {[%mdl 512]} Qxf6 (30... Rxf6 31. Qe5) 31. Qxf6+ Rxf6 32. Re7+ {[%mdl 64] Double Attack. Accuracy: White = 91%, Black = 39%.} 1-0

[Event "17th Delhi GM Open 2019"]
[Site "Delhi"]
[Date "2019.01.12"]
[Round "5"]
[White "Rahman, Ziaur"]
[Black "Amonatov, Farrukh"]
[Result "1/2-1/2"]
[WhiteElo "2470"]
[BlackElo "2621"]
[Annotator "TA"]
[PlyCount "62"]
[EventDate "2019.01.09"]
[EventType "swiss"]
[EventCountry "IND"]
[SourceTitle "playchess.com"]
[Source "ChessBase"]
[SourceQuality "1"]

{[%evp 15,62,29,39,16,16,11,27,10,7,12,11,0,0,0,0,-14,0,-5,7,7,12,16,18,25,63,62,75,14,18,14,15,-852,118,0,16,-28,84,36,28,0,34,16,14,23,89,63,82,72,58]} 1. d4 d5 2. Nf3 Nf6 3. Bf4 c5 4. e3 Nc6 5. Nbd2 (5. c3 e6 6. Nbd2 cxd4 7. exd4 Nh5 8. Bg5 f6 9. Be3 Bd6 10. Bb5 O-O 11. O-O Ne7 12. Re1 Bd7 13. Bd3 g6 14. Bh6 Rf7 {½-½ (83) Caruana,F (2822)-Aronian,L (2767) chess.com INT 2018}) 5... Qb6 6. dxc5 {D02: 1 d4 d5 2 Nf3 sidelines, including 2...Nf6 3 g3 and 2...Nf6 3 Bf4} Qxc5 7. a3 Bg4 8. Be2 e6 {LiveBook: 3 Games} 9. h3 Bxf3 10. Bxf3 Be7 $146 ({Predecessor:} 10... Rd8 11. Rc1 Qb5 12. b4 Qa6 {½-½ (27) Rogos,J (2473)-Cruzado Duenas,C (2600) ICCF email 2011}) 11. O-O O-O 12. Rc1 Qb6 13. Rb1 Rfd8 14. Be2 h6 15. b4 Rac8 16. c3 {[%cal Bc2c3,Bc3c4][%mdl 32]} Rd7 17. Qb3 Qd8 18. Rfd1 a6 19. c4 e5 20. Bg3 {Black must now prevent cxd5.} d4 21. Bf3 (21. Qd3 $16) 21... dxe3 $11 22. Qxe3 Nd4 $1 23. Qb3 $2 {[%mdl 8192]} (23. Nb3 $11) 23... Nc6 $2 {[#]} (23... Nxb3 $19 24. Nxb3 e4) 24. Qe3 ({Only move:} 24. Bxc6 $1 $16 Rxc6 25. Nf3) 24... Nd4 $1 25. Be2 e4 (25... Nf5 $11 26. Qc3 (26. Qxe5 $2 Nxg3 27. Qxg3 Rxd2 $19) 26... Nxg3 27. fxg3 Qc7) 26. Nf1 Nf5 27. Qf4 (27. Qc3 {keeps more tension.} Nd4 28. Qb2 Nxe2+ 29. Qxe2 Rd3 30. Ne3) 27... g6 28. Rxd7 Qxd7 29. Rd1 Qe6 (29... Qa4 $11 {remains equal.}) 30. Ne3 Nxg3 31. Qxg3 Rd8 {Accuracy: White = 44%, Black = 35%.} 1/2-1/2

[Event "17th Delhi GM Open 2019"]
[Site "Delhi"]
[Date "2019.01.12"]
[Round "5"]
[White "Deviatkin, Andrei"]
[Black "Mehdi Hasan Parag"]
[Result "1-0"]
[WhiteElo "2461"]
[BlackElo "2260"]
[Annotator "TA"]
[PlyCount "109"]
[EventDate "2019.01.09"]
[EventType "swiss"]
[EventCountry "IND"]
[SourceTitle "playchess.com"]
[Source "ChessBase"]
[SourceQuality "1"]

{[%evp 11,109,0,0,-22,-22,-52,-47,-54,-42,-54,-62,-71,-62,-68,-33,-40,-11,-22,0,-6,-4,-34,-21,-47,-23,-54,-55,-50,-19,-16,-14,-25,0,0,0,0,-10,-22,-18,-29,0,0,0,0,0,0,83,0,81,79,79,79,79,79,79,79,87,88,94,94,90,94,93,77,78,78,78,65,92,64,53,8,8,8,59,8,8,8,8,8,8,0,0,0,0,0,0,0,29980,29981,29981,29982,29988,29989,29989,29986,29986,29987,29987,29988]} 1. d4 Nf6 2. Nf3 e6 3. Bg5 d5 4. e3 Be7 5. Nbd2 b6 6. c3 O-O {LiveBook: 14 Games. D03: 1 d4 d5 2 Nf3 Nf6 3 Bg5, including Torre Attack with early ...d5} (6... Bb7 7. Bd3 h6 8. Bh4 Ne4 9. Bxe7 Qxe7 10. Qa4+ Nd7 11. Bxe4 dxe4 {½-½ (11) Kamsky,G (2729)-Vaganian,R (2590) Almaty 2008}) 7. b4 c5 8. b5 $146 ({Predecessor:} 8. a3 Nbd7 9. Bd3 a5 10. bxc5 bxc5 11. O-O Ba6 12. Bxa6 Rxa6 {1-0 (80) Karhanek,P (2263)-Gibiec,E (2274) Czechia 2006}) 8... Nbd7 {Black is slightly better.} 9. Bd3 Bb7 10. Qb1 h6 11. Bf4 a6 12. a4 axb5 13. Bxb5 Ba6 14. O-O Bxb5 15. axb5 Qc8 16. h3 Qb7 17. Qb2 Rfc8 18. Ne5 Nxe5 19. Bxe5 Ne8 20. Rxa8 Rxa8 21. c4 cxd4 22. Bxd4 Bf6 23. Rb1 Rc8 24. cxd5 Qxd5 25. Nf3 Qf5 26. Bxf6 Qxf6 27. Nd4 Nd6 28. Rc1 Rc5 {[#]} (28... Rxc1+ $11 {remains equal.} 29. Qxc1 Qg5) 29. Qa3 ({White should play} 29. Rxc5 $1 $16 bxc5 30. Qa3) 29... e5 (29... Qg5 $11) 30. Rxc5 $16 bxc5 31. Nc6 {b6 is the strong threat.} Nxb5 32. Qxc5 {[%mdl 64] Double Attack} Nd6 33. Qxe5 Qxe5 34. Nxe5 {[%mdl 4096] Endgame KN-KN} f6 35. Nf3 Kf7 36. Nd4 f5 37. f3 Kf6 38. Kf2 g5 39. Ke2 Nc4 40. g3 h5 41. h4 gxh4 $1 42. gxh4 Ne5 ({Black should try} 42... f4 $1 $11) 43. Kf2 (43. f4 $1 $14 Ng6 44. Nf3) 43... Ng6 $11 44. Kg3 Ke5 45. Ne2 f4+ $1 46. Nxf4 Nxf4 47. exf4+ {KP-KP} Kf5 48. Kg2 Kxf4 {KPP-KP} 49. Kf2 {Threatens to win with Kg2.} Ke5 $2 {[%mdl 8192]} (49... Kf5 $11 50. Ke3 Ke5 51. f4+ Kf6) 50. Ke3 {White mates.} Kf5 {[#]} 51. f4 $1 {[%cal Bf3f4,Bf4f5,Bf5f6][%mdl 32]} Kg4 52. Ke4 Kxh4 53. f5 Kg5 54. Ke5 h4 55. f6 {Accuracy: White = 50%, Black = 54%.} 1-0

[Event "17th Delhi GM Open 2019"]
[Site "Delhi"]
[Date "2019.01.12"]
[Round "5"]
[White "Vignesh N R"]
[Black "Rozum, Ivan"]
[Result "1/2-1/2"]
[WhiteElo "2461"]
[BlackElo "2589"]
[Annotator "TA"]
[PlyCount "55"]
[EventDate "2019.01.09"]
[EventType "swiss"]
[EventCountry "IND"]
[SourceTitle "playchess.com"]
[Source "ChessBase"]
[SourceQuality "1"]

{[%evp 36,55,9,6,12,0,18,0,0,0,20,7,20,14,18,18,10,18,9,0,0,-7]} 1. e4 c6 2. d4 d5 3. Nd2 dxe4 4. Nxe4 Bf5 5. Ng3 Bg6 6. h4 h6 7. Nf3 Nd7 8. h5 Bh7 9. Bd3 Bxd3 10. Qxd3 e6 11. Bd2 Ngf6 12. O-O-O Be7 13. Ne4 Nxe4 14. Qxe4 Nf6 {B19: Classical Caro-Kann: 4...Bf5 main line} 15. Qd3 c5 16. Qb5+ Qd7 17. Qxd7+ Nxd7 18. Be3 cxd4 19. Bxd4 {LiveBook: 9 Games. The position is equal.} Nf6 20. Ne5 O-O {[#]} 21. c4 $146 ({Predecessor:} 21. g4 Rfc8 22. Kb1 {1-0 (35) Filippov,A (2637)-Iordachescu,V (2644) Tashkent 2012}) 21... Rfc8 22. Kb1 Bc5 23. f3 b5 24. cxb5 {[#] Hoping for Nc6.} Bxd4 $1 25. Rxd4 Rc5 26. Nd7 Rxb5 27. Nxf6+ gxf6 28. b3 1/2-1/2

[Event "17th Delhi GM Open 2019"]
[Site "Delhi"]
[Date "2019.01.12"]
[Round "5"]
[White "Das, Sayantan"]
[Black "Ojas Kulkarni"]
[Result "1-0"]
[WhiteElo "2451"]
[BlackElo "2269"]
[Annotator "TA"]
[PlyCount "79"]
[EventDate "2019.01.09"]
[EventType "swiss"]
[EventCountry "IND"]
[SourceTitle "playchess.com"]
[Source "ChessBase"]
[SourceQuality "1"]

{[%evp 25,79,26,34,10,15,23,46,-20,-33,-28,-22,-59,352,40,65,38,35,43,57,53,40,25,56,34,46,38,60,70,65,0,140,126,158,144,155,155,158,158,158,158,155,141,141,137,135,141,151,153,331,167,848,848,1170,1159,1133,1118]} 1. e4 e5 2. Nf3 Nc6 3. Bb5 {[%cal Bf1b5,Bb5a4,Ba4b3][%mdl 32]} a6 4. Ba4 d6 5. O-O Bd7 6. d4 b5 7. Bb3 Nxd4 8. Nxd4 exd4 9. c3 dxc3 10. Qh5 g6 {C72: Ruy Lopez: Deferred Steinitz: 5 0-0} 11. Qd5 Be6 12. Qc6+ Bd7 13. Qxc3 Nf6 {LiveBook: 6 Games} 14. Re1 {And now e5 would win.} Bg7 15. e5 dxe5 $1 16. Qxe5+ (16. Rxe5+ $14 Kf8 17. Qc5+ Kg8 18. Re7) 16... Be6 $146 ({Predecessor:} 16... Kf8 17. Qc5+ Kg8 18. Nc3 {1-0 (28) Van Foreest,J (2551)-Adler,B (2162) Stockholm 2016}) 17. Bxe6 O-O $1 18. Bh3 Qd6 $2 {[%mdl 8192]} (18... Re8 $15 19. Qc3 Ng4 20. Rxe8+ Qxe8) 19. Qc3 $2 (19. Qxd6 $18 cxd6 20. Nc3) 19... Rfe8 {White must now prevent ...Ng4!} 20. Be3 Ng4 $1 21. Bxg4 Bxc3 22. Nxc3 Rad8 23. Bf3 {[%mdl 1024] White has compensation.} Qb4 24. Re2 {Threatens to win with Nd5.} Re5 $1 25. g3 Rd3 26. Rae1 h5 27. h4 (27. a3 $14 Qe7 28. Bc6) 27... c5 {[#]} (27... Qc4 $1 $11 {keeps the balance.}) 28. Kg2 $1 $16 Rdxe3 29. fxe3 c4 30. Rd1 Kg7 31. Rd7 {Strongly threatening Bd5.} Qf8 32. Rd4 Qe7 33. Nd5 Qc5 34. Kf2 Qc8 35. Red2 Qf5 36. a3 Qb1 $2 {[#]} (36... Re6 $16 {might work better.} 37. Kg2 Qe5) 37. Nc3 (37. Be4 $142 $1 {[%mdl 512]} Qa1 (37... Rxe4 38. Nc3) 38. Bf3) 37... Qc1 $2 (37... Qf5 38. e4 Qh3) 38. Re2 $18 {White is clearly winning.} Rxe3 39. Rxe3 Qxb2+ 40. Ne2 {Accuracy: White = 59%, Black = 38%.} 1-0

[Event "17th Delhi GM Open 2019"]
[Site "Delhi"]
[Date "2019.01.12"]
[Round "5"]
[White "Shyaamnikhil P"]
[Black "Ziatdinov, Raset"]
[Result "1-0"]
[WhiteElo "2446"]
[BlackElo "2248"]
[Annotator "TA"]
[PlyCount "79"]
[EventDate "2019.01.09"]
[EventType "swiss"]
[EventCountry "IND"]
[SourceTitle "playchess.com"]
[Source "ChessBase"]
[SourceQuality "1"]

{[%evp 9,79,30,38,40,42,35,87,84,72,37,42,47,50,54,56,47,63,72,62,57,88,90,103,118,119,0,0,11,19,0,0,0,123,131,169,132,131,126,135,134,422,426,414,406,448,447,490,490,490,490,479,486,486,465,471,354,460,386,399,399,391,388,464,412,572,565,572,570,864,850,1030,1027]} 1. Nf3 e6 2. g3 Nf6 3. Bg2 d5 4. O-O Nc6 5. d4 Rb8 (5... b5 6. a4 b4 7. c4 bxc3 8. Nxc3 a6 9. Bg5 Be7 10. Rc1 Bb7 11. a5 O-O 12. Qa4 Rb8 13. e3 Ba8 14. Rc2 h6 {½-½ (14) Friedel,J (2536)-Prasanna Raghuram,R (2455) Rockville 2017}) 6. Nbd2 {D02: 1 d4 d5 2 Nf3 sidelines, including 2...Nf6 3 g3 and 2...Nf6 3 Bf4} b5 7. Re1 Ne4 $146 (7... Be7 $14) ({Predecessor:} 7... Be7 8. e4 dxe4 9. Nxe4 Nxe4 10. Rxe4 {0-1 (42) Geranichev,M (2129)-Logvinov,K (2105) Anna 2014}) 8. Nxe4 {White is better.} dxe4 9. Ng5 f5 $1 10. c3 Be7 11. Nh3 e5 {[%cal Re5d4]} 12. dxe5 Nxe5 13. Qxd8+ Kxd8 14. Be3 Ng4 15. Bxa7 Ra8 {[#]} 16. Bd4 $1 c5 17. f3 ({Only move:} 17. Bxg7 $16 Rg8 18. f3) 17... cxd4 $11 18. fxg4 dxc3 19. Red1+ Kc7 20. bxc3 Bf6 (20... fxg4 $11 {remains equal.} 21. Nf4 Bc5+ 22. Kh1 Re8) 21. Nf4 $16 Bb7 22. Rab1 ({Don't do} 22. gxf5 Bxc3 23. Ne6+ Kb8 $16) 22... fxg4 23. Ne6+ Kc8 24. Rxb5 Rxa2 $2 {[%mdl 8192]} (24... Ra6 $16 {might work better.}) 25. Rc5+ $18 Kb8 26. Rb1 {Strongly threatening Rc7.} Ka8 {If Black can now play ...Ra4 this consolidates a bit.} 27. Rcb5 Bc6 28. Rb6 Rc8 {[#]} 29. Rxc6 $1 {[%mdl 576] Remove Defender} Rxc6 30. Bxe4 {[%mdl 64] Double Attack} Raa6 31. Nc5 Ka7 32. Rb7+ Ka8 33. Rc7 {[%mdl 64] Pin} Kb8 34. Rxc6 Rxc6 35. Bxc6 Bxc3 36. Kg2 Bd4 37. Ne6 {White is clearly winning.} Be5 38. Bd7 h5 39. Be8 h4 40. gxh4 {Accuracy: White = 79%, Black = 35%.} 1-0

[Event "17th Delhi GM Open 2019"]
[Site "Delhi"]
[Date "2019.01.12"]
[Round "5"]
[White "Manik, Mikulas"]
[Black "Tran, Tuan Minh"]
[Result "0-1"]
[WhiteElo "2413"]
[BlackElo "2541"]
[Annotator "TA"]
[PlyCount "48"]
[EventDate "2019.01.09"]
[EventType "swiss"]
[EventCountry "IND"]
[SourceTitle "playchess.com"]
[Source "ChessBase"]
[SourceQuality "1"]

{[%evp 20,48,1,0,34,47,68,63,88,79,168,-466,46,0,138,133,142,114,137,140,125,6,16,19,27,-166,-154,-167,0,-29995,-29996]} 1. e4 c5 2. Nf3 d6 3. d4 cxd4 4. Nxd4 Nf6 5. Nc3 a6 6. Be2 e5 7. Nb3 Be7 8. Be3 Be6 9. f4 exf4 10. Bxf4 Nc6 {B92: Sicilian Najdorf: 6 Be2} 11. Qd2 {LiveBook: 58 Games} Rc8 12. O-O-O O-O $146 {White is slightly better.} ({Predecessor:} 12... Ne5 13. Kb1 Qc7 14. h3 O-O 15. g4 b5 16. Rhe1 Rfe8 17. g5 b4 18. Nd5 Nxe4 19. Nxc7 Nxd2+ 20. Bxd2 Rxc7 21. Bxb4 Bxh3 22. Bxa6 {1-0 (58) Li,S (2510)-Sadvakasov,D (2612) Hyderabad 2005}) 13. Bxd6 Nb4 14. Kb1 Rc6 (14... Bxd6 $16 {keeps fighting.} 15. Qxd6 Qxd6 16. Rxd6 Rxc3 {[%mdl 64] Remove Defender} 17. bxc3 Nxe4 {[%mdl 64] Double Attack}) 15. Kc1 $4 {[%mdl 8192]} (15. Bf4 $18 {and life is good for White.}) 15... Rc8 $2 ({Don't do} 15... Qxd6 16. Qxd6 Rxd6 17. Bf3 $19) ({Don't play} 15... Bxd6 16. Kb1 $19) (15... Rxd6 $19 16. Qe1 Qc7 17. Rxd6 Bxd6) 16. Kb1 ({White should try} 16. e5 $14 Bxd6 17. Qxd6) 16... Rc6 $1 $16 {[%cal Rc6d6]} 17. Bxe7 Qxe7 18. Nd4 Rxc3 19. Qxc3 (19. bxc3 $2 {loses.} Nxe4 20. Qe3 Nd5 $19) 19... Nxe4 20. Qf3 (20. Qe3 $16) 20... Bxa2+ $11 21. Ka1 {Black must now prevent c3.} Bd5 $1 22. c3 $2 (22. Qe3 $11) 22... Nd2 $1 $19 {[%mdl 1024] Black has strong compensation.} 23. Qf4 Qd7 $2 ({Better is} 23... Qe8 $1 $19 {[%cal Re8a4]} 24. b3 Nxb3+ 25. Kb2 Nxd4 26. Qxd4 Qxe2+ 27. Rd2 Nd3+ $1 {[%mdl 512]} 28. Qxd3 Qxd3 29. Rxd3 Bxg2) 24. Bb5 $2 {[%mdl 8192] [#]} (24. b3 $11 Nxb3+ 25. Kb2) 24... Qxb5 $1 {[%mdl 512] Accuracy: White = 33%, Black = 31%.} 0-1